| 000 | 00423nam a2200169Ia 4500 | ||
|---|---|---|---|
| 008 | 100510t2009 xxu||||| |||| 00| 0 sin d | ||
| 041 | _asin | ||
| 080 |
_aX8S31 _bMAH |
||
| 100 | _aMahanama, Pushpakumara | ||
| 245 | _aපළමු දඩයම | ||
| 246 | _aPalamu Dadayama | ||
| 260 |
_bVasana _aDankotuwa _c2009 |
||
| 300 | _a1446p., 21 cm | ||
| 942 | _cBK | ||
| 999 |
_c73254 _d73254 |
||
| 003 | LK-CoDNM | ||
| 040 |
_aLK-CoDNM _dLK-CoDNM _eLK-CoDNM |
||